Siddhartha; (Record no. 232714)

000 -LEADER
fixed length control field 00794cam a22002531 4500
001 - CONTROL NUMBER
control field 5920827
003 - CONTROL NUMBER IDENTIFIER
control field Nust
005 - DATE AND TIME OF LATEST TRANSACTION
control field 20170222165514.0
008 - FIXED-LENGTH DATA ELEMENTS--GENERAL INFORMATION
fixed length control field 760109s1922 gw 000 0 ger
010 ## - LIBRARY OF CONGRESS CONTROL NUMBER
LC control number 24016608
020 ## - INTERNATIONAL STANDARD BOOK NUMBER
International Standard Book Number 9788129102041
035 ## - SYSTEM CONTROL NUMBER
System control number (OCoLC)1918783
040 ## - CATALOGING SOURCE
Original cataloging agency DLC
Transcribing agency DeU
Modifying agency OCoLC
-- DLC
042 ## - AUTHENTICATION CODE
Authentication code premarc
050 00 - LIBRARY OF CONGRESS CALL NUMBER
Classification number PT2617.E85
Item number S5 1922
082 ## - DEWEY DECIMAL CLASSIFICATION NUMBER
Classification number 833.912
Author Mark HES
100 1# - MAIN ENTRY--PERSONAL NAME
Personal name Hesse, Hermann,
Dates associated with a name 1877-1962.
245 10 - TITLE STATEMENT
Title Siddhartha;
Statement of responsibility, etc. Hermann Hesse; Translated from the German by Hilda Rosner
260 ## - PUBLICATION, DISTRIBUTION, ETC.
Place of publication, distribution, etc. Berlin,
Name of publisher, distributor, etc. S. Fischer,
Date of publication, distribution, etc. 1922.
300 ## - PHYSICAL DESCRIPTION
Extent 121 p.
Dimensions 24 cm.
650 #0 - SUBJECT ADDED ENTRY--TOPICAL TERM
Topical term or geographic name entry element Buddha and Buddhism.
906 ## - LOCAL DATA ELEMENT F, LDF (RLIN)
a 7
b cbc
c oclcrpl
d u
e ncip
f 19
g y-gencatlg
942 ## - ADDED ENTRY ELEMENTS (KOHA)
Source of classification or shelving scheme
Koha item type Book
Holdings
Withdrawn status Lost status Source of classification or shelving scheme Damaged status Not for loan Permanent Location Current Location Shelving location Date acquired Total Checkouts Total Renewals Full call number Barcode Date last seen Date last checked out Copy number Price effective from Koha item type
          Central Library (CL) Central Library (CL) Fiction 02/22/2017 3 3 833.912 HES CL1424 07/10/2024 04/29/2024 1 02/22/2017 Book
© 2023 Central Library, National University of Sciences and Technology. All Rights Reserved.